000 00715nam a22002177a 4500
999 _c162979
_d162979
005 20190325142044.0
008 190325b ||||| |||| 00| 0 eng d
010 _aENG-124927
020 _c499.00
_a9789384061647
035 _aEN-108459
037 _bDBAD/PUB
040 _aDPL
_bEnglish
082 _a332.4
100 _aJindal, Mukesh
245 _aDream big:
_bby Mukesh Jindal [and] Arunraj VS
_clet your financial plan make your drams come true/
260 _aNew Delhi
_bNetwork18 Publications
_c2017
270 _a507, Prabhat Kiran, 17, Rajendra Place,
_bNew Delhi
_e110 008
300 _a254p. :
_c24cm (Hb)
_bill.
700 _aArunraj VS
942 _adpl
_cEN
_2ddc
_h332.4
_mJIN